Statistics on the table : the history of statistical concepts and methods
Saved in:
| Main Author: | |
|---|---|
| Format: | Book |
| Language: | English |
| Published: |
Cambridge, Massachusetts :
Harvard University Press,
1999
|
| Subjects: | |
| Tags: |
Add Tag
No Tags, Be the first to tag this record!
|
MARC
| LEADER | 00000nam a2200000 i 4500 | ||
|---|---|---|---|
| 001 | 1/61606 | ||
| 008 | 040923s1999 eng d | ||
| 020 | |a 0-674-00979-7 | ||
| 035 | |l 10074505 | ||
| 040 | |a GR-MY-UA |b gre |e aacr | ||
| 041 | 0 | |a eng | |
| 082 | 0 | |a 519.509 | |
| 100 | 1 | |a Stigler, Stephen M. | |
| 245 | 1 | 0 | |a Statistics on the table : |b the history of statistical concepts and methods / |c Stephen M. Stigler |
| 260 | |a Cambridge, Massachusetts : |b Harvard University Press, |c 1999 | ||
| 300 | |a 488 p. | ||
| 504 | |a Includes bibliographical references and index | ||
| 650 | 0 | 0 | |a Mathematical statistics |x History. |
| 852 | |a INST |b RHODES |e 20040923 |h 519.509 STI |p 005400018560 |q 005400018560 |t BK |y 0 | ||
| 901 | |a BIBL4-2004-3 | ||
| 909 | |a Ρ |b 113329 | ||
| 922 | |a 4ΕΛΗ |b 200409 |c ΕΠΕΑΕΚ2/ΠΤΔΕ |d ΜΙΧΑΛΟΠΟΥΛΟΣ | ||
| 950 | |a 095-2004-06-16 | ||
| 970 | |a ΚΟΥΛΑΚΙΟΤΗ |b ΛΙΤΣΑ |z 2004/09/24 | ||